000 03716cam a22004814i 4500
003 PE-LiUPU
005 20250731173337.0
008 150706s2007 nyu rb 000 0 eng d
020 _a9780809144785
035 _a(Sirsi) i9780809144785
040 _aPE-LiUPU
_bspa
_cPE-LiUPU
_erda
049 _aPRUA
082 0 4 _a224/.061
_bM28
_221
100 1 _aMattehews, Victor H.,
_eautor.
245 1 0 _a101 Questions and Answers on the prophetis of israel /
_cVictor H. Matthews.
246 3 _aOne hundred one questions and Answers on the prophetis of israel
264 1 _aNew York :
_bPaulist Press,
_c2007.
300 _a160 páginas ;
_c21 centímetros
336 _atext
_2rdacontent
337 _aunmediated
_2rdamedia
338 _avolume
_2rdacarrier
504 _aIncluye bibliografía.
505 0 _aThe 101 Questions And Answers -- What are the prophetic books in the Bible? -- What is the difference between the "early" and "later" prophets? -- What is the nature of a prophetic call or vocation? -- Are there different types of prophets in Israelite society? -- Do the prophets speak mainly during times of crisis? -- What were the various types of biblical prophecy? -- Were there prophets in other ancient Near Eastern countries? -- What is the difference between priests and prophets? -- What was the relationship between prophets and kings? -- What is a basic chronology of the prophets within the history of ancient Israel? -- Prophets in the Pentateuch -- Is Abraham a prophet? (Gen 20) -- Is Moses a prophet? -- Why do the seventy elders prophesy in Numbers 11:24-30? -- Why does the foreign prophet Balaam speak in the name of Yahweh? (Numbers 22-24) -- Two: Early Momarchy Period -- How does the Deuteronomistic Historian portray the prophets and prophecy? -- Is Samuel a prophet? -- What is the significance of Saul¿s prophetic frenzy? (1 Sam 10:6-7, 10) -- Why does the prophet Nathan tell David that God does not want a temple? (2 Sam 7:1-17) -- Why did Nathan use a parable to condemn David? (2 Sam 12:1-15) -- Why does the prophet Gad offer David the choice of three calamities? (2 Sam 24:12-14) -- Why does the prophet Ahijah tear up Jeroboam's robe? (1 Kgs 11:29-40) -- Why does the unnamed prophet of Judah first curse Jeroboam and then cure his arm? (1 Kgs 13:1-10) -- Does the unknown prophet of Bethel actually lie to his fellow prophet from Judah? (1 Kgs 13:11-32) -- Why is Elijah's battle against the prophets of Baal on Mt. Carmel so critical? (1 Kgs 18:19-40) -- What happened to Elijah on Mt. Horeb? (1 Kgs 19:9-18) -- Why does God defer Ahab's punishment? (1 Kgs 21:20-29) -- Can one prophet contradict another prophet? (Micaiah in 1 Kgs 22:5-28) -- Why does a prophet work miracles for his own followers? (2 Kgs 4; 6:1-7) -- Why should a foreigner who worships other gods consult a prophet of Yahweh? (1 Kgs 5).
526 _aSEG42
526 _aSEG41
526 _aSEG40
526 _aSEG39
526 _aP94
526 _aP87
526 _aP86
526 _aP85
526 _aP77
526 _aP76
526 _aP35
541 _g20081126230934D47324;
630 _aBiblia.
_pA.T.
_pProfetas
_vCrítica, interpretación, etc.
910 _agl20090731
942 _2ddc
_cBOOK
949 _a224/.061 M28
_wDEWEY
_c1
_i59824
_lCCODEBUL1
_mBUL
_p12.00
_r0
_sY
_tBOOK
_u2015-7-6
_xTEOLOGIA
_PP85
_0COMPRA
_o.STAFF. Colección General
994 _aC0
_bPEPRU
596 _a1
999 _a224/.061 M28
_wDEWEY
_c49357
_i59824
_d49357
_e2019-7-23
_f2021-11-11
_g5
_lCCODEBUL1
_mBUL
_n15
_p12.00
_r0
_sY
_tBOOK
_u2015-7-6
_xTEOLOGIA
_PP85
_0COMPRA
_o.STAFF. Colección Teología
980 _81
_gALBERTO SANCHEZ Responsable de Automatización